| 000 | 00524nam a22001937a 4500 | ||
|---|---|---|---|
| 003 | OSt | ||
| 005 | 20260601193907.0 | ||
| 008 | 260520b |||||||| |||| 00| 0 eng d | ||
| 040 |
_aICI _bspa _cICI _erda |
||
| 050 |
_aNK1390 _b.T56 |
||
| 100 |
_aStengel, Richard _eautor _934651 |
||
| 245 | _aTime Style & Design: The design 100 | ||
| 264 |
_aEstados Unidos _bTime Inc. _c2007 |
||
| 300 | _a40 páginas | ||
| 336 |
_2rdacontent _atexto |
||
| 337 |
_2rdamedia _asin medio |
||
| 338 |
_2rdacarrier _avolumen |
||
| 942 |
_2lcc _n1 _cB |
||
| 999 |
_c22445 _d22445 |
||